| 000 | 00627nam a2200217Ia 4500 | ||
|---|---|---|---|
| 008 | 150520s9999 xx 000 0 und d | ||
| 050 | _aHF 5530 | ||
| 050 | _b.Ol43 2015 | ||
| 100 | _aOlfato, Daryll Jethro A. | ||
| 245 | _aPOS and inventory system for jomat marketing / | ||
| 245 | _cDaryll Jethro A. Olfato. | ||
| 260 | _aLas Piñas, Philippines : | ||
| 260 | _bSISC, | ||
| 260 | _c2015. | ||
| 300 | _a104 pages : | ||
| 300 | _billustrations ; | ||
| 300 | _c28 cm. | ||
| 500 | _aIncludes bibliographical references and appendices. | ||
| 650 | _aInventory management systems | ||
| 650 | _aPoint-of-sale systems | ||
| 999 |
_c284097 _d284097 |
||